000 01012nam0a22002891 4500
001 RU\INFOCOMM_352\5000001708
005 20250613104350.0
035 _a(NLR Aleph) 009501736
090 _a8710033
_c8710033
100 _a20121029d1989 |||y0rusy50 ca
101 0 _afre
102 _aRU
105 _ay z |||||
200 1 _aL'antihomme
_fErnst Henry [pseud.
_gTrad. du russe par Maurice Memmi]
210 _aM.
_cÉd. de l'Agence de presse "Novosti"
_d1989
215 _a95 с.
_cил., факс., портр.
_d19 см
300 _aВ вып. дан.: Античеловне / Эрнст Генри
600 1 _aГитлер
_bА.
_f1889-1945
_gАдольф
_2nlr_sh1
620 _aМосква
686 _aТ3(4Г)63-8Гитлер
_2rubbk
700 1 _aHenry
_bE.
_c[pseud.]
_f1904-
_gErnst
702 1 _4070
_7ba
_8ger
_aHitler
_bA.
_f1889-1945
_gAdolf
_9229640
_3RU\NLR\AUTH\770229696
801 1 _aRU
_bNLR
_c20121029
801 0 _aRU
_bINFOCOMM
_gPSBO
852 _aNLR
_jИ55 Д-4/173
942 _cBOOK
980 _aNB